Konstrukteurswertung 2024 in der Formel 1 - Statistiken

Allgemein
  • Dieses Quiz wurde 7 mal gespielt
  • Das Durchschnittsergebnis liegt bei 4 aus 10
Antwortstatistiken
Punkte Konstrukteur % Korrekt
589 Red Bull Racing
71%
65 Alpine F1 Team
57%
666 McLaren Racing
57%
17 Williams F1
57%
58 Haas F1 Team
43%
652 Scuderia Ferrari
43%
94 Aston Martin F1 Team
29%
46 Racing Bulls
29%
468 Mercedes AMG F1 Team
14%
4 Sauber Motorsport
14%
Keine übereinstimmenden Quizze gefunden
Verteilung der Resultate
Anzahl Personen mit jedem Resultat
Perzentil nach korrekt beantworteten Fragen
Ihre Resultats-Entwicklung
Sie haben dieses Quiz noch nicht gespielt